000 00407nam a2200181Ia 4500
001 2723
005 20260306144828.0
008 260306t1955||||xx |||||||||||||| ||spa||
041 _aESP
082 _a219
_bM86
100 _aMorón, Guillermo
_eAUT
245 0 _aEl libro de la fe
260 _c1955
300 _a223 páginas :
_c19 cm.
650 _aGEN
654 _aCHU
942 _cLIB
_dJUS
_fJUS
_2ddc
_n
999 _c2723
_d2723